MARC details
| 000 -CABECERA |
| campo de control de longitud fija |
01678cam a2200253 i 4500 |
| 001 - NÚMERO DE CONTROL |
| campo de control |
22868395 |
| 005 - FECHA Y HORA DE LA ÚLTIMA TRANSACCIÓN |
| campo de control |
20250515081116.0 |
| 008 - DATOS DE LONGITUD FIJA--INFORMACIÓN GENERAL |
| campo de control de longitud fija |
221116s2023 nyu 000 1 eng |
| 010 ## - NÚMERO DE CONTROL DE LA BIBLIOTECA DEL CONGRESO |
| Número de control de LC |
2022054527 |
| 020 ## - NÚMERO INTERNACIONAL ESTÁNDAR DEL LIBRO |
| Número Internacional Estándar del Libro |
9780008456757 |
| 040 ## - FUENTE DE LA CATALOGACIÓN |
| Centro catalogador/agencia de origen |
DLC |
| Lengua de catalogación |
eng |
| Normas de descripción |
rda |
| Centro/agencia transcriptor |
DLC |
| Centro/agencia modificador |
DLC |
| 042 ## - CÃDIGO DE AUTENTICACIÃN |
| Código de autenticación |
pcc |
| 050 00 - SIGNATURA TOPOGRÁFICA DE LA BIBLIOTECA DEL CONGRESO |
| Número de clasificación |
PS3612.A9484 |
| Número de documento/Ítem |
B66 2023 |
| 100 ## - ENTRADA PRINCIPAL--NOMBRE DE PERSONA |
| Nombre de persona |
Lawrence, Mark, |
| Fechas asociadas al nombre |
1966- |
| Término indicativo de función/relación |
author. |
| 245 14 - MENCIÓN DE TÍTULO |
| Título |
The book that wouldn't burn |
| Mención de responsabilidad, etc. |
/ Mark Lawrence. |
| 246 3# - FORMA VARIANTE DE TÍTULO |
| Título propio/Titulo breve |
Book that would not burn |
| 264 #1 - PRODUCCIÓN, PUBLICACIÓN, DISTRIBUCIÓN, FABRICACIÓN Y COPYRIGHT |
| Producción, publicación, distribución, fabricación y copyright |
London |
| Nombre del de productor, editor, distribuidor, fabricante |
HarperVoyager |
| Fecha de producción, publicación, distribución, fabricación o copyright |
2024 |
| 300 ## - DESCRIPCIÓN FÍSICA |
| Extensión |
566 pages ; |
| Dimensiones |
24 cm. |
| 490 0# - MENCIÓN DE SERIE |
| Mención de serie |
The Library trilogy ; |
| Designación de volumen o secuencia |
book one |
| 520 ## - SUMARIO, ETC. |
| Sumario, etc. |
All books, no matter their binding, will fall to dust. The stories they carry may last longer. They might outlive the paper, the library, even the language in which they were first written.<br/><br/>The greatest story can reach the stars . . .<br/><br/>This is the start of an incredible new journey from the internationally bestselling author of Prince of Thorns, in which, though the pen may be mightier than the sword, blood will be spilled and cities burned…<br/><br/>Evar has lived his whole life trapped within a vast library, older than empires and larger than cities.<br/><br/>Livira has spent hers in a tiny settlement out on the Dust where nightmares stalk and no one goes.<br/><br/>The world has never noticed them.<br/><br/>That’s about to change.<br/><br/>As their stories spiral around each other, across worlds and time, each will unlock vast secrets about the world and themselves. This is a tale of truth and lies and hearts, and the blurring of one into another. |
| Fuente proveedora |
Provided by publisher. |
| 650 #0 - PUNTO DE ACCESO ADICIONAL DE MATERIA--TÉRMINO DE MATERIA |
| Término de materia o nombre geográfico como elemento de entrada |
Libraries Fiction |
| 9 (RLIN) |
25245 |
| 655 #0 - TÉRMINO DE INDIZACIÓN--GÉNERO/FORMA |
| Datos o término principal de género/forma |
Fantasy fiction |
| 9 (RLIN) |
22510 |
| 942 ## - ELEMENTOS DE ENTRADA AGREGADA (KOHA) |
| Fuente del sistema de clasificación o colocación |
Clasificación de Library of Congress |